| 000 | 00750nam a22002417a 4500 | ||
|---|---|---|---|
| 003 | OSt | ||
| 005 | 20250522115351.0 | ||
| 008 | 210226s2010 mx a|||jr|||| 00| f spa d | ||
| 020 | _a9786071106421 | ||
| 040 |
_aCO-JMCR _cCO-JMCR |
||
| 041 | 0 | _aspa | |
| 082 | 0 | 4 |
_aJ-N _bHARm _223 |
| 100 | 1 |
_aHarrison, Lisi, _eautor _914031 |
|
| 245 | 1 | 0 |
_aMonster high / _cLisi Harrison |
| 250 | _aPrimera edición | ||
| 260 |
_aMéxico : _bAlfaguara, _c2010 |
||
| 300 |
_a304 páginas : _bilustraciones a blanco y negro ; _c22 cm. |
||
| 650 | 1 | 4 |
_aNovela canadiense _ySiglo XX _914032 |
| 650 | 2 | 4 |
_aLiteratura canadiense _ySiglo XX _914033 |
| 650 | 2 | 4 |
_aMonstruos en la literatura _913996 |
| 650 | 2 | 4 |
_aAmistad en la literatura _91249 |
| 942 |
_2ddc _cBK |
||
| 999 |
_c7355 _d7355 |
||